| 000 | 00965cam a2200301 i 4500 | ||
|---|---|---|---|
| 001 | 000019338 | ||
| 003 | DO-SdBNP | ||
| 005 | 20230524153551.0 | ||
| 007 | ta | ||
| 008 | 820218s1969 sp 001 f spa d | ||
| 040 |
_aDO-SdBNP _cBNPHU _erda _bspa |
||
| 049 | 0 | _aBNGR | |
| 082 | 4 |
_a863.6 _bV181s, 1969 _222 |
|
| 100 | 1 |
_aValle-Inclán, Ramón del, _d1866-1936 _93325 _eautor |
|
| 245 | 1 | 0 |
_aSonata de primavera : _bSonata de estío. Memorias del Marqués de Bradomín / _cRamón del Valle-Inclán. |
| 250 | _a7a ed. | ||
| 264 |
_aMadrid : _bEspasa-Calpe, _c1969. |
||
| 300 |
_a162 páginas ; _c18 cm. |
||
| 336 |
_2rdacontent _atexto _btxt |
||
| 337 |
_2rdamedia _asin mediación _bn |
||
| 338 |
_2rdacarrier _avolumen _bnc |
||
| 490 |
_aAustral. Azul: novelas y cuentos en general _v430 |
||
| 500 | _aIncluye índice de autores | ||
| 650 | 4 |
_aNovela española _91123 |
|
| 650 | 4 |
_aLiteratura española _9632 |
|
| 740 | 0 | _aSonata de estío | |
| 942 |
_2ddc _cLBS1 |
||
| 999 |
_c18855 _d18855 |
||